000 00296cam a22001217a 4500
008 180718b1960 xxu||||| |||| 00| 0 eng d
082 _aT4x42 F417
100 _aFerris, Paul
245 _aThe City
_cby Paul Ferris
260 _aLondon
_bCollancz
_c1960
300 _a224p.
650 _aFinance - UK
999 _c479251
_d479251